Focus sur: Elphias Doge - Harry Potter - Statistiques

Statistiques générales
  • Ce quiz a été pris 80 fois
  • Le résultat moyen est 4 sur 9
Statistiques - réponses
Informations recherchées Réponses % Correct
Ecole fréquentée Poudlard
97%
Première mention Harry Potter et l'Ordre du Phénix
87%
Couleur des cheveux Argenté/Blanc
78%
Profession Employée du Ministère de la Magie
48%
Maladie contractée Dragoncelle
46%
Lieu de rencontre avec Harry Potter 4 Privet Drive
40%
Acteur l’interprétant dans les films David Ryall
17%
Surnom Dodgy
17%
Acteur l’interprétant dans les films Peter Cartwright
16%
Aucun quiz correspondant
Distribution des résultats
% des personnes avec chaque résultat
Percentile par nombre de réponses
Votre historique - résultats
Vous n’avez pas pris ce quiz